000
00271nam a2200109 a 4500
005
20140414132032.0
008
110317s19uu xx 00 eng d
050
_a
TR
_b
K64 2004
100
_a
Andreae, Giles
245
_a
K is for kissing a cool kangaroo.
999
_c
113643
_d
113643